[Event "Thailand Pattaya Open 2018"]
[Site "Pattaya"]
[Date "2018.10.29"]
[Round "1"]
[White "Tran, Tuan Minh"]
[Black "Nakvanich, Sahapol"]
[Result "1-0"]
[WhiteElo "2506"]
[BlackElo "1815"]
[Annotator "TA"]
[PlyCount "43"]
[EventDate "2018.10.24"]
[EventType "swiss"]
[EventCountry "THA"]
[SourceTitle "playchess.com"]
[Source "ChessBase"]
[SourceQuality "1"]

{[%evp 12,43,23,0,68,47,50,55,106,107,121,80,128,80,171,159,152,177,358,405,417,415,407,379,518,501,653,561,582,581,1179,1160,2010,1956]} 1. d4 Nf6 2. c4 e6 3. Nc3 Bb4 4. e3 {[%cal Be2e3,Be3e4][%mdl 32]} O-O 5. Bd3 b6 6. Nge2 Bb7 7. O-O {LiveBook: 48 Games. E47: Nimzo-Indian: Rubinstein: 5 Bd3 without ...d5} (7. a3 Bxc3+ 8. Nxc3 d5 9. cxd5 Nxd5 10. O-O Nxc3 11. bxc3 c5 12. Bb2 Nc6 13. Qh5 f5 14. Rad1 Qf6 15. Ba1 Rad8 16. Be2 Qe7 17. c4 Na5 18. dxc5 {1-0 (34) Khismatullin,D (2651)-Morozevich,A (2711) Berlin 2015}) 7... Re8 (7... d5 $11) 8. a3 Bf8 9. e4 {aiming for e5.White is slightly better.} d5 $146 (9... d6 $14) ({Predecessor:} 9... d6 10. b4 c5 11. d5 exd5 12. exd5 Nbd7 13. f4 Ng4 14. Ne4 Qh4 {0-1 (53) Baliuniene,M (1870)-Bebchuk,B (2126) Porto 2014}) 10. cxd5 $16 exd5 {[%cal Rf6e4]} 11. e5 Ne4 12. Qc2 {[%cal Rc3e4]} f5 (12... c5 $16) 13. exf6 $18 Nxf6 14. Bg5 $36 {[%mdl 2048] And now Bxh7+! would win. White is in control.} Nbd7 $2 {[#]} (14... h6 {might work better.}) 15. Bxh7+ $1 {[%mdl 512]} Kh8 (15... Nxh7 16. Bxd8) 16. Bg6 Bd6 17. Qf5 c5 18. Rfe1 {White is clearly winning.} cxd4 19. Bxe8 Qxe8 20. Nb5 Bb8 21. Nf4 Qf7 22. Ng6+ {Precision: White = 59%, Black = 11%.} 1-0

[Event "Thailand Pattaya Open 2018"]
[Site "Pattaya"]
[Date "2018.10.29"]
[Round "1"]
[White "Laylo, Darwin"]
[Black "Kim, Changhoon"]
[Result "1-0"]
[WhiteElo "2427"]
[BlackElo "1807"]
[Annotator "TA"]
[PlyCount "35"]
[EventDate "2018.10.24"]
[EventType "swiss"]
[EventCountry "THA"]
[SourceTitle "playchess.com"]
[Source "ChessBase"]
[SourceQuality "1"]

{[%evp 19,35,12,57,54,36,36,56,41,110,119,167,210,250,193,528,561,29995,29996]} 1. c4 Nf6 2. d4 e6 3. Nf3 Bb4+ 4. Nbd2 O-O 5. a3 Be7 6. e4 d5 7. e5 Nfd7 8. Bd3 {E11: Bogo-Indian} c5 9. h4 g6 10. h5 (10. O-O Nc6 11. Nb3 dxc4 12. Bxc4 cxd4 13. Re1 a5 14. Bh6 Re8 15. Rc1 Nb6 {1-0 (39) Ding,L (2804)-Saric,I (2689) Batumi 2018}) 10... Nc6 {LiveBook: 3 Games} 11. cxd5 exd5 {[#]} 12. e6 $1 {[%mdl 512] Strongly threatening hxg6.} Nf6 $146 {[%cal Rf6h5]} (12... fxe6 13. hxg6) ({Predecessor:} 12... fxe6 13. hxg6 cxd4 14. g7 Rf7 15. Bxh7+ Kxg7 {1-0 (25) Levin,E (2532)-Antic,D (2431) Heraklion 2017}) 13. exf7+ Rxf7 (13... Kxf7 $14 14. hxg6+ hxg6) 14. Ng5 $16 Rf8 15. hxg6 hxg6 16. Ndf3 ({Weaker is} 16. Bxg6 Kg7 $11) 16... Ne4 $2 {[#]} (16... Qe8) 17. Bxe4 $18 dxe4 18. Qb3+ 1-0

[Event "Thailand Pattaya Open 2018"]
[Site "Pattaya"]
[Date "2018.10.29"]
[Round "1"]
[White "Muzzaffar, Ahmad"]
[Black "Pourramezanali, Amirreza"]
[Result "0-1"]
[WhiteElo "1816"]
[BlackElo "2533"]
[Annotator "TA"]
[PlyCount "60"]
[EventDate "2018.10.24"]
[EventType "swiss"]
[EventCountry "THA"]
[SourceTitle "playchess.com"]
[Source "ChessBase"]
[SourceQuality "1"]

{[%evp 26,60,0,-20,0,-2,-2,-12,29,-10,-6,-17,-21,-27,-34,-30,-45,-42,-42,-61,-46,-33,-21,-22,-15,-122,-100,-100,-97,-97,-100,-104,-102,-100,-98,-1025,-1024]} 1. e4 {[%cal Be2e4,Be4e5][%mdl 32]} c5 2. d4 cxd4 3. c3 Nf6 {[%cal Bg8f6,Bf6d5,Bd5b4][%mdl 32]} 4. e5 Nd5 5. Nf3 d6 6. cxd4 Nc6 7. Bc4 dxe5 8. dxe5 Ndb4 9. Qb3 e6 {B22: Sizilianisch (Alapin 2.c3)} 10. O-O Na5 (10... a6 11. Bg5 Qc7 12. Nbd2 Nxe5 13. Nxe5 Qxe5 14. Nf3 Qc7 15. Qc3 Nc6 16. Rfe1 Qa5 17. Qc2 {½-½ (101) Korneev,O (2513)-Forcen Esteban,D (2569) Linares 2018}) 11. Bb5+ Bd7 12. Qa4 Bxb5 13. Qxb5+ Nac6 14. Bg5 {LiveBook: 3 Partien} Be7 15. Bxe7 ({Aber nicht} 15. Qxb7 $2 Bxg5 16. Qb5 (16. Nxg5 $2 O-O $19) 16... Bh6 $19) 15... Qxe7 16. Nc3 O-O 17. Rfd1 $146 ({Vorgänger:} 17. a3) 17... Rfd8 18. a3 Nc2 $1 {[%cal Rc2a1]} 19. Rac1 N2d4 20. Nxd4 Nxd4 21. Qf1 Qc5 22. Re1 h6 23. b4 Qb6 24. Ne4 a5 25. Rc4 (25. bxa5 $11 Qxa5 26. Nd6 Qxa3 27. Nxb7) 25... axb4 26. Rxb4 {[#]} Qa5 $1 {Droht ...Sc2 und aus.} 27. Rxb7 Qxe5 28. Ng3 Qd5 29. Reb1 Rxa3 30. Qc1 $2 {[%mdl 8192] [#]} (30. Qe1 $17) 30... Rxg3 $1 {[%mdl 512] Precision: Weiß = 36%, Schwarz = 71%.} 0-1

[Event "Thailand Pattaya Open 2018"]
[Site "Pattaya"]
[Date "2018.10.29"]
[Round "1"]
[White "Wongsawan, Thoetsak"]
[Black "Saptarshi, Roy"]
[Result "0-1"]
[WhiteElo "1810"]
[BlackElo "2496"]
[Annotator "TA"]
[PlyCount "78"]
[EventDate "2018.10.24"]
[EventType "swiss"]
[EventCountry "THA"]
[SourceTitle "playchess.com"]
[Source "ChessBase"]
[SourceQuality "1"]

{[%evp 12,78,36,27,25,43,52,0,40,37,69,27,20,6,32,-19,-24,-51,-34,-48,-22,-25,6,6,6,1,9,5,0,0,0,0,0,0,0,0,0,-28,-28,-26,-30,-52,-36,-61,-68,-63,-52,-314,-180,-551,-547,-562,-416,-2140,-2076,-2107,-2086,-1983,-1957,-2067,-2024,-29973,-29971,-29970,-29966,-29994,-29995,-29995,-29996]} 1. d4 d5 2. c4 e6 3. Nc3 c6 4. e4 Bb4 5. cxd5 exd5 6. e5 {D31: Damengambit (Halbslawisch)} Ne7 (6... c5 7. Bb5+ Nc6 8. Nge2 Nge7 9. a3 cxd4 10. axb4 dxc3 11. bxc3 O-O 12. Bf4 Ng6 13. Bxc6 bxc6 {1-0 (31) Wagner,D (2564)-Kopylov,M (2424) Germany 2018}) 7. a3 {LiveBook: 8 Partien} Ba5 8. Nf3 {Weiß hat minimalen Vorteil.} O-O 9. Be2 $146 (9. Bd3 $14) ({Vorgänger:} 9. Bg5 Nd7 10. Bd3 f6 11. Qc2 fxg5 12. Bxh7+ Kh8 13. Nxg5 {0-1 (32) Obsivac,J (2355)-Sosna,J (2374) Czechia 1999}) 9... Bf5 10. O-O Nd7 11. Bg5 f6 12. exf6 Nxf6 13. b4 (13. Ne5 $14) 13... Bc7 $11 14. b5 h6 15. Bh4 Ng6 16. Bg3 Ne4 17. Nxe4 dxe4 18. Ne5 Nxe5 19. dxe5 cxb5 20. Qb3+ Kh8 21. Qxb5 Bb6 22. Rad1 Qe7 23. a4 Rac8 24. Kh1 Rc2 25. Bc4 Rc8 26. Bd5 Bg4 27. f3 Bd7 $1 $36 {[%cal Rd7b5][%mdl 2048] Schwarz hat Initiative.} 28. Qb1 $1 e3 ({Doch nicht} 28... Bxa4 $6 29. Bxe4 R2c5 30. Rc1 $14) 29. Rfe1 $2 {[%mdl 8192] [#]} ({Besser ist} 29. Bb3 $1 $15 Rd2 30. Rc1) 29... Bxa4 (29... e2 $142 30. Rc1 Rxc1 31. Rxc1 Rxc1+ 32. Qxc1 Qb4) 30. e6 $2 (30. Be4 {ist zäher.}) 30... e2 $19 31. Rc1 Ba5 32. Bxb7 (32. Rg1 $142 Rxc1 33. Rxc1 Rxc1+ 34. Qxc1) 32... Rxc1 33. Rxc1 Rxc1+ 34. Qxc1 Qxb7 35. h4 Qd5 36. Qa3 Qxe6 {Schwarz setzt Matt.} 37. Qxa4 e1=Q+ 38. Bxe1 Qxe1+ 39. Kh2 Bc7+ {Precision: Weiß = 30%, Schwarz = 78%.} 0-1

[Event "Thailand Pattaya Open 2018"]
[Site "Pattaya"]
[Date "2018.10.29"]
[Round "1"]
[White "Anup, Kumar S."]
[Black "Nguyen, Huynh Minh Huy"]
[Result "0-1"]
[WhiteElo "1800"]
[BlackElo "2410"]
[Annotator "ChessBase"]
[PlyCount "122"]
[EventDate "2018.10.24"]
[EventType "swiss"]
[EventCountry "THA"]
[SourceTitle "playchess.com"]
[Source "ChessBase"]
[SourceQuality "1"]
[TimeControl "5400+30"]

1. d4 {[%emt 0:00:00]} d5 {[%emt 0:00:12]} 2. c4 {[%emt 0:00:00]} c6 {[%emt 0:00:07]} 3. Nc3 {[%emt 0:00:11]} Nf6 {[%emt 0:00:09]} 4. e3 {[%emt 0:00:28]} a6 {[%emt 0:00:36]} 5. Nf3 {[%emt 0:00:52]} e6 {[%emt 0:01:31]} 6. Bd3 {[%emt 0:01:47]} dxc4 {[%emt 0:00:41]} 7. Bxc4 {[%emt 0:04:13]} b5 {[%emt 0:00:09]} 8. Bd3 {[%emt 0:04:10]} Bb7 {[%emt 0:00:52]} 9. O-O {[%emt 0:01:19]} c5 {[%emt 0:03:18]} 10. b3 {[%emt 0:05:11]} Nbd7 {[%emt 0:02:21]} 11. Bb2 {[%emt 0:05:31]} Bd6 {[%emt 0:00:37]} 12. Rc1 {[%emt 0:02:52]} O-O {[%emt 0:01:33]} 13. h3 {[%emt 0:01:27]} Qe7 {[%emt 0:06:12]} 14. Qe2 {[%emt 0:05:22]} cxd4 {[%emt 0:06:22]} 15. Nxd4 {[%emt 0:02:51]} Nc5 {[%emt 0:01:09]} 16. Bb1 {[%emt 0:01:56]} Rac8 {[%emt 0:07:35]} 17. b4 {[%emt 0:05:25]} Ncd7 {[%emt 0:01:30]} 18. a3 {[%emt 0:02:01]} Nb6 {[%emt 0:01:56]} 19. Bd3 {[%emt 0:06:47]} Bb8 {[%emt 0:19:05]} 20. Rfd1 {[%emt 0:12:33]} Nfd7 {[%emt 0:08:44]} 21. Be4 {[%emt 0:16:04]} Nf6 {[%emt 0:11:27]} 22. Bxb7 {[%emt 0:04:35]} Qxb7 {[%emt 0:00:07]} 23. Nf3 {[%emt 0:01:50]} Nc4 {[%emt 0:02:27]} 24. Nb1 {[%emt 0:05:50]} Ne4 {[%emt 0:00:37]} 25. Rd3 {[%emt 0:03:17]} Rcd8 {[%emt 0:06:08]} 26. Rcd1 {[%emt 0:00:56]} Qc7 {[%emt 0:00:28]} 27. Ba1 {[%emt 0:03:32]} h6 {[%emt 0:04:28]} 28. Rxd8 {[%emt 0:00:31]} Rxd8 {[%emt 0:00:08]} 29. Rxd8+ {[%emt 0:00:08]} Qxd8 {[%emt 0:00:05]} 30. a4 {[%emt 0:01:10]} Qd6 {[%emt 0:02:30]} 31. Nc3 {[%emt 0:00:48]} Qxb4 {[%emt 0:00:22]} 32. Nxe4 {[%emt 0:00:46]} Qb1+ {[%emt 0:00:06]} 33. Qe1 {[%emt 0:00:11]} Qxe4 {[%emt 0:00:07]} 34. axb5 {[%emt 0:00:14]} axb5 {[%emt 0:00:05]} 35. Qc3 {[%emt 0:00:28]} Qb1+ {[%emt 0:00:12]} 36. Qe1 {[%emt 0:00:40]} Qxe1+ {[%emt 0:03:20]} 37. Nxe1 {[%emt 0:00:01]} f5 {[%emt 0:00:19]} 38. Nc2 {[%emt 0:00:44]} Kf7 {[%emt 0:00:44]} 39. Bc3 {[%emt 0:00:27]} e5 {[%emt 0:00:40]} 40. Bb4 {[%emt 0:00:30]} g6 {[%emt 0:00:34]} 41. Kf1 {[%emt 0:00:14]} Ke6 {[%emt 0:00:06]} 42. Ke2 {[%emt 0:00:16]} h5 {[%emt 0:01:01]} 43. f4 {[%emt 0:01:31]} Kd5 {[%emt 0:01:47]} 44. g3 {[%emt 0:00:50]} Ba7 {[%emt 0:01:12]} 45. Kf3 {[%emt 0:01:01]} Bb6 {[%emt 0:02:25]} 46. fxe5 {[%emt 0:00:10]} Nxe5+ {[%emt 0:00:11]} 47. Kf4 {[%emt 0:00:51]} Nf7 {[%emt 0:00:15]} 48. g4 {[%emt 0:00:27]} Bc7+ {[%emt 0:00:06]} 49. Kf3 {[%emt 0:00:27]} fxg4+ {[%emt 0:00:30]} 50. hxg4 {[%emt 0:00:36]} Ne5+ {[%emt 0:00:32]} 51. Kf4 {[%emt 0:00:55]} Nxg4+ {[%emt 0:00:16]} 52. Kg5 {[%emt 0:00:01]} Ne5 {[%emt 0:00:07]} 53. Be1 {[%emt 0:00:49]} Bd8+ {[%emt 0:01:29]} 54. Kf4 {[%emt 0:00:17]} Nd3+ {[%emt 0:00:23]} 55. Kf3 {[%emt 0:00:22]} Nxe1+ {[%emt 0:00:05]} 56. Nxe1 {[%emt 0:00:05]} b4 {[%emt 0:00:04]} 57. Nd3 {[%emt 0:00:13]} b3 {[%emt 0:00:21]} 58. e4+ {[%emt 0:01:04]} Kd4 {[%emt 0:00:07]} 59. Nb2 {[%emt 0:00:18]} g5 {[%emt 0:00:10]} 60. Na4 {[%emt 0:00:15]} Bc7 {[%emt 0:00:04]} 61. Nb2 {[%emt 0:00:18]} g4+ {[%emt 0:00:05]} 0-1

[Event "Thailand Pattaya Open 2018"]
[Site "Pattaya"]
[Date "2018.10.29"]
[Round "2"]
[White "Pourramezanali, Amirreza"]
[Black "Navaratnam, Rohan Shan Tze"]
[Result "1-0"]
[WhiteElo "2533"]
[BlackElo "2097"]
[Annotator "TA"]
[PlyCount "149"]
[EventDate "2018.10.24"]
[EventType "swiss"]
[EventCountry "THA"]
[SourceTitle "playchess.com"]
[Source "ChessBase"]
[SourceQuality "1"]

{[%evp 30,149,24,22,25,32,18,18,43,66,37,37,40,38,82,85,83,85,103,99,103,103,103,103,103,103,103,103,103,103,103,103,103,103,158,103,103,103,103,103,103,103,103,103,104,104,118,119,149,104,123,103,103,103,103,103,103,103,103,103,103,103,103,103,103,103,103,103,103,102,141,141,103,102,160,160,160,102,160,102,160,160,160,160,160,160,160,160,160,160,160,160,160,160,1089,1078,1084,128,1091,1089,2029,1902,2419,1089,1183,0,1082,2220,2018,2016,1596,1533,29951,6625,29980,29981,29981,29982,29982,29983,29997,29998]} 1. Nf3 c5 2. g3 d5 3. Bg2 Nf6 4. c4 e6 5. cxd5 exd5 6. d4 Nc6 7. O-O Be7 8. Nc3 O-O 9. dxc5 Bxc5 10. Bg5 d4 11. Bxf6 Qxf6 12. Ne4 Qe7 13. Nxc5 Qxc5 14. Rc1 Qb6 15. Qc2 h6 {D34: Tarrasch Defence: 6 g3 Nf6 7 Bg2 Be7} 16. Rfd1 {LiveBook: 10 Games} Bg4 17. Qe4 $146 ({Predecessor:} 17. b3 Rfe8 18. h3 Bh5 19. Qc5 Qxc5 20. Rxc5 Bg6 21. Nxd4 Nxd4 22. Rxd4 Rxe2 23. Bxb7 {1-0 (31) Plat,V (2472)-Malinovsky,K (2445) Czechia 2013}) 17... Bxf3 {White is slightly better.} 18. Bxf3 Qxb2 19. Rb1 Qxa2 20. Rxb7 Nd8 21. Qb1 $36 {[%mdl 2048] White has the initiative.} Qxb1 22. Rbxb1 Rc8 23. Rxd4 Ne6 24. Ra4 Rc2 25. e3 Rd8 26. Rxa7 Ng5 27. Bg2 Rdd2 28. Ra8+ Kh7 29. Rf1 {h4 is the strong threat.} g6 30. h4 Ne6 31. h5 Rb2 (31... Ng5 $142) 32. hxg6+ (32. Be4 $142) 32... Kxg6 $16 33. Ra6 Kg7 34. Ra4 Rbc2 35. Rg4+ Kf8 36. Rb4 Kg7 37. Be4 Ra2 38. Bb1 Ra1 39. Bf5 Ra6 40. Bxe6 Rxe6 {[%mdl 4096] Endgame KRR-KRR} 41. Rf4 Rf6 42. Rxf6 Kxf6 {KR-KR} 43. Kg2 Kg6 44. Ra1 Rb2 45. Ra6+ Kg7 46. Ra5 Kg6 47. g4 Rc2 48. Kg3 Rb2 49. f3 Rb4 50. e4 Rb6 51. Kh4 Rb1 (51... Rb3 $142) 52. Ra6+ Kg7 53. Kg3 (53. e5 $142 $1) 53... Rb3 ({Black should try} 53... f6 54. Ra7+ Kg6) 54. Kf4 ({White should play} 54. e5 $1) 54... Rb5 (54... f6 $142 55. Ra7+ Kg6) 55. e5 $1 Rb3 56. Ke4 Rb4+ 57. Kf5 Rb3 58. f4 Rb5 59. Ra7 Rb6 60. Rd7 Ra6 61. Ke4 Ra1 $2 (61... Ra4+ $16 62. Kf5 Ra6) 62. f5 $1 $18 Ra4+ 63. Kf3 $2 (63. Kd5 $18 {aiming for e6.} Kf8 64. f6) 63... Ra3+ $2 {[%mdl 8192]} (63... Kf8 $16 64. Rd6 Ra3+ 65. Ke4 Ra4+ 66. Kf3 Ra3+ 67. Ke4 Ra4+ 68. Rd4 Ra1) 64. Kf4 Ra4+ 65. Kg3 $1 Kg8 66. f6 (66. Rd8+ $142 Kh7 67. Kf3) 66... Re4 {[#]} 67. Rd8+ $1 Kh7 {[#]} 68. Re8 $1 Re1 69. Kf4 Rf1+ 70. Ke4 Ra1 71. Rf8 Ra7 72. Kf5 {White mates.} Rb7 {[#]} 73. Rxf7+ $3 {[%mdl 512]} Rxf7 74. e6 {[%cal Be5e6,Be6f7][%mdl 32]} h5 75. exf7 {Precision: White = 83%, Black = 38%.} 1-0

[Event "Thailand Pattaya Open 2018"]
[Site "Pattaya"]
[Date "2018.10.29"]
[Round "2"]
[White "Saptarshi, Roy"]
[Black "Cawte, Paul"]
[Result "1-0"]
[WhiteElo "2496"]
[BlackElo "2073"]
[Annotator "TA"]
[PlyCount "85"]
[EventDate "2018.10.24"]
[EventType "swiss"]
[EventCountry "THA"]
[SourceTitle "playchess.com"]
[Source "ChessBase"]
[SourceQuality "1"]

{[%evp 18,85,16,-9,35,19,47,43,57,14,45,45,31,16,41,23,15,0,0,7,14,0,0,0,0,-20,6,9,4,0,22,0,8,5,362,359,355,357,360,349,359,339,322,305,355,320,336,348,364,343,332,339,360,356,356,356,358,352,359,360,506,502,29991,29992,29992,29993,29997,29992,29992,29993]} 1. e4 e6 2. d4 d5 3. Nc3 Nf6 4. Bg5 Bb4 5. Nge2 dxe4 6. a3 Be7 7. Bxf6 Bxf6 8. Nxe4 Nc6 9. c3 {C12: French: Classical System: McCutcheon Variation} (9. Nxf6+ Qxf6 10. Qd3 O-O 11. Qe3 b5 12. O-O-O b4 13. Qe4 Bd7 14. axb4 Nxb4 15. Nf4 Rab8 16. Bd3 Na2+ {0-1 (33) Nagy,G (2446)-Rapport,R (2698) Zalakaros 2017}) 9... O-O 10. g3 {LiveBook: 3 Games} Bd7 $146 ({Predecessor:} 10... Be7 11. Bg2 e5 12. d5 Nb8 13. c4 f5 14. N4c3 a5 15. O-O Na6 16. Rb1 Kh8 {0-1 (59) Dahl,T (2140)-Mihajlov,S (2384) Stockholm 2017}) 11. Bg2 {White is slightly better.} e5 12. dxe5 Bxe5 13. f4 Bf6 (13... Bd6 {looks sharper.} 14. Nxd6 cxd6 15. Qd3 Qb6 16. O-O-O Rfe8) 14. Nxf6+ gxf6 15. O-O Qe7 16. Qd2 Rad8 17. Rae1 Qc5+ 18. Nd4 Nxd4 19. cxd4 Qb6 20. f5 $36 {[%mdl 2048] White has good play.} Rfe8 21. Rc1 Bb5 22. Rf4 Re2 23. Rg4+ Kh8 24. Qc3 Rde8 25. Bf1 R2e4 $2 {[%mdl 8192]} (25... R2e7 $11 {and Black is okay.}) 26. Rxe4 $18 Rxe4 {[#]} 27. Qb4 $1 {[%cal Rb4f8]} (27. Qxc7 $2 Qxc7 28. Rxc7 Re1 $17) 27... Kg7 28. Qxb5 Qxd4+ 29. Kh1 Qd2 30. Rb1 Rd4 31. Qe2 Qa5 32. Qf3 Rd2 33. Bg2 c6 34. Qg4+ Kh6 35. Qf4+ Kg7 36. b4 Qd8 37. Re1 Qd3 38. Qg4+ Kh6 (38... Kf8 {keeps fighting.} 39. Qf4 Rd1 40. Rxd1 Qxd1+ 41. Bf1 Qd5+ 42. Kg1 Kg7) 39. Qg8 {[#] Qf8+ would kill now.} Qb3 (39... Qd8 $18 40. Qxf7 Rd1) 40. Qf8+ {White mates.} Kh5 41. Qg7 Rxg2 42. Kxg2 Qd5+ 43. Kh3 {Precision: White = 72%, Black = 33%.} 1-0

[Event "Thailand Pattaya Open 2018"]
[Site "Pattaya"]
[Date "2018.10.29"]
[Round "2"]
[White "Nguyen, Huynh Minh Huy"]
[Black "Kim, Jinsoo"]
[Result "1-0"]
[WhiteElo "2410"]
[BlackElo "2064"]
[Annotator "TA"]
[PlyCount "107"]
[EventDate "2018.10.24"]
[EventType "swiss"]
[EventCountry "THA"]
[SourceTitle "playchess.com"]
[Source "ChessBase"]
[SourceQuality "1"]

{[%evp 31,107,0,0,0,-14,0,-6,-47,-30,-76,15,20,83,25,19,-16,89,89,119,104,141,100,120,103,101,98,77,68,94,70,232,188,207,200,277,269,304,294,280,226,264,227,275,220,241,116,127,86,78,8,8,8,40,40,41,41,41,41,41,41,41,48,833,781,29980,29980,29980,29981,29981,29982,29981,29982,29986,29985,29996,29997,29997,29998]} 1. d4 Nf6 2. c4 c5 3. d5 b5 4. cxb5 a6 5. bxa6 g6 6. Nc3 Bxa6 7. g3 d6 8. Bg2 Bg7 9. Nf3 Nbd7 10. O-O Nb6 11. Nd2 O-O 12. Qc2 {A58: Benko/Volga Gambit: Lines with 5 bxa6} Bb7 13. e4 Ba6 14. Rd1 Ng4 15. Nf3 Nc4 16. h3 Nge5 {LiveBook: 6 Games} 17. Nxe5 Nxe5 18. Rb1 Qa5 {[#]} 19. a3 $146 ({Predecessor:} 19. Bg5 Rfe8 {½-½ (47) Iordachescu,V (2648)-Grischuk,A (2752) Porto Carras 2011}) 19... Rfb8 {[%mdl 1024] Black has compensation.} 20. Na2 Rc8 ({Better is} 20... Bb5 $17 21. Nc3 Bc4) 21. b3 $11 h5 (21... Qb5 $11 {remains equal.}) 22. Bb2 (22. f4 $16) 22... Bb5 23. f4 Nd7 (23... c4 $11 24. fxe5 cxb3 25. Qxb3 Bc4) 24. Bxg7 $16 Kxg7 25. a4 Nb6 26. Qb2+ f6 27. e5 {And now exf6+ would win.} c4 28. exf6+ exf6 29. Nc3 Bd7 {White should prevent ...Bf5.} 30. Re1 Re8 $2 (30... Bf5 $1 $14) 31. Rxe8 Rxe8 {[#]} 32. b4 $1 {[%cal Rb4a5,Bb3b4,Bb4b5][%mdl 32]} Qa7 33. Qf2 Qb7 34. b5 Bf5 35. Re1 Ra8 36. Ra1 Nd7 37. Bf1 Bd3 38. Bxd3 (38. a5 $18) 38... cxd3 39. Qd4 {Hoping for Kg2.} Nc5 {[#] aiming for ...Nb3.} 40. Ne4 ({White should play} 40. Re1 $16) 40... Nxe4 $11 41. Qxe4 {[%mdl 4096] Endgame KQR-KQR} d2 (41... Qxb5 $5 42. Qe7+ (42. axb5 Rxa1+ 43. Kf2 d2 $11) 42... Kg8 43. Qxf6 (43. axb5 Rxa1+ 44. Kf2 d2 $11) 43... Qe8 $14) 42. Qd3 Qb6+ 43. Kg2 Qa5 44. Ra2 Qb4 45. Rxd2 {Black must now prevent Re2.} Rxa4 46. Qe3 $36 {[%mdl 2048] White has good play.} Ra3 $2 {[%mdl 8192]} (46... Ra8 $14) 47. Qe7+ $18 Kh6 48. Re2 {White mates.} Ra8 49. Qxf6 Ra7 50. f5 {[%csl Gf5][%cal Rf6g6,Bf4f5,Bf5g6][%mdl 32]} Rg7 51. h4 Qg4 52. Re6 Qc4 53. Qg5+ Kh7 54. fxg6+ {Precision: White = 54%, Black = 31%.} 1-0

[Event "Thailand Pattaya Open 2018"]
[Site "Pattaya"]
[Date "2018.10.29"]
[Round "2"]
[White "Portugalera, Ric"]
[Black "Tran, Tuan Minh"]
[Result "0-1"]
[WhiteElo "2115"]
[BlackElo "2506"]
[Annotator "TA"]
[PlyCount "94"]
[EventDate "2018.10.24"]
[EventType "swiss"]
[EventCountry "THA"]
[SourceTitle "playchess.com"]
[Source "ChessBase"]
[SourceQuality "1"]

{[%evp 13,94,0,7,-6,0,0,0,0,5,0,0,0,23,22,33,29,28,22,33,13,25,0,23,0,19,0,15,0,42,40,42,44,45,50,49,43,73,49,85,37,101,76,65,-6,0,0,103,100,114,120,144,122,117,117,251,144,178,141,208,180,176,121,100,68,33,-132,-134,-160,-147,-186,-187,-221,-214,-361,-386,-737,-731,-705,0,-715,-685,-1054,-1041]} 1. d4 Nf6 2. Nf3 e6 3. c4 b6 4. a3 Ba6 5. Qa4 Bb7 6. Nc3 {E12: Queen's Indian: Unusual White 4th moves, 4 a3, 4 Nc3 Bb7 5 a3 and 4 Nc3 Bb7} c5 (6... Ne4 7. Qc2 Nxc3 8. Qxc3 Be7 9. Bf4 O-O 10. e3 c5 11. dxc5 bxc5 12. Be5 f6 13. Bg3 Nc6 14. Rd1 Rf7 15. Be2 {½-½ (49) Pak,Y (2390)-Tiviakov,S (2569) Nakhchivan 2018}) 7. dxc5 Bxc5 {LiveBook: 7 Games} 8. e3 {The position is equal.} O-O 9. Be2 Be7 10. O-O d6 11. Rd1 $146 ({Predecessor:} 11. Qc2 Nbd7 12. e4 a6 13. Bg5 {0-1 (59) Schmitz,M (2010)-Sammalvuo,T (2395) Copenhagen 1998}) 11... Nbd7 12. Qc2 a6 13. e4 Qc7 14. Bf4 Rfd8 15. Rac1 Rac8 16. Qb1 Qb8 17. h3 h6 18. Nd2 {[%cal Bf3d2,Bd2b3,Bb3d4][%mdl 32]} Qa8 19. Qd3 Ne5 20. Qg3 Kh8 {[%cal Rb7e4]} 21. Be3 Ned7 {[%cal Rf6e4]} 22. f3 Bc6 23. Nb3 Nc5 24. Nd4 Be8 25. Qf2 Qb7 26. b4 Ncd7 (26... Na4 $14) 27. Qf1 Rc7 28. c5 ({White should play} 28. Nb3 $14) 28... bxc5 29. Bxa6 Qa8 {[#]} (29... Qb6 $11 30. Nc2 Ra8) 30. Ncb5 $1 $36 {[%cal Rb5c7][%mdl 2048] White is in control.} Qxa6 31. Nxc7 Qxf1+ 32. Kxf1 {Hoping for Nc6.} cxd4 33. Bxd4 Rb8 (33... d5 $16 {was necessary.}) 34. Nxe8 (34. a4 $18) 34... Nxe8 35. Rc6 d5 (35... Kg8 $16) 36. exd5 $18 exd5 {[%cal Be6d5,Bd5d4][%mdl 32]} 37. Rdc1 (37. Rxh6+ $1 $18 Kg8 38. Rc6) 37... Nd6 $16 38. Bc5 Nxc5 39. bxc5 $2 {[#]} (39. R1xc5 $14 {is the one way to stay ahead.} d4 40. Ke2) 39... Nc4 $1 $17 40. Rc7 Bg5 41. Ra1 d4 42. c6 Rb2 43. Rc8+ (43. Kg1 $142 Rc2 44. Rxf7) 43... Kh7 $19 44. c7 $2 (44. Kg1 Rc2 45. c7) 44... Ne3+ 45. Kg1 Rxg2+ 46. Kh1 Rc2 47. a4 Nf5 {Precision: White = 33%, Black = 43%.} 0-1